|
|
|
|
| LEADER |
00000nam a2200000 a 4500 |
| 001 |
vtls001560160 |
| 003 |
SK-MaSNL |
| 005 |
20260302073951.0 |
| 008 |
171201s2004 xo a g 00000 slo |
| 015 |
|
|
|a SNBA2005/08-02928
|
| 020 |
|
|
|a 8088743575
|q (brož.)
|
| 035 |
|
|
|a VTK41504
|
| 040 |
|
|
|a SNK
|b slo
|c SNK
|e AACR2
|
| 041 |
0 |
|
|a slo
|
| 072 |
|
7 |
|a 347
|x Súkromné právo
|2 konspekt
|
| 072 |
|
7 |
|a 613
|x Hygiena. Ľudské zdravie
|2 konspekt
|
| 080 |
|
|
|a 34
|2 MDT-MRF
|
| 080 |
|
|
|a 347.63
|2 MDT-MRF
|
| 080 |
|
|
|a 613.952/954
|2 MDT-MRF
|
| 080 |
|
|
|a (035)
|2 MDT-MRF
|
| 080 |
|
|
|a 173.5-055.52
|2 MDT-MRF
|
| 245 |
1 |
0 |
|a Rozum do vrecka pre rodiča - začiatočníka
|c [zostavila Eva Pavlíková; autor kresieb: Peter Šimkovič]
|
| 250 |
|
|
|a 1. vyd.
|
| 260 |
|
|
|a Bratislava
|b Charis
|c 2004
|
| 300 |
|
|
|a 136 s.
|b ilustr.
|c 21 cm
|
| 501 |
|
|
|a Vydané pre Občianske združenie Rodinka.sk
|
| 650 |
0 |
7 |
|a rodičovstvo
|x právne aspekty
|2 SNKPH
|9 591626
|
| 650 |
0 |
7 |
|a rodičovstvo
|2 SNKPH
|9 1600
|
| 650 |
0 |
7 |
|a starostlivosť o dieťa
|2 SNKPH
|9 2563
|
| 655 |
|
7 |
|a príručky
|2 SNKPH
|9 74364
|
| 700 |
1 |
|
|a Pavlíková, Eva
|4 zos
|9 307712
|
| 700 |
1 |
|
|a Šimkovič, Peter
|4 ill
|9 591629
|
| 918 |
|
|
|a 80-88743-57-5
|
| 968 |
|
|
|a d1
|
| 999 |
|
|
|c 1163052
|d 1164982
|
| 952 |
|
|
|a SNK
|b SNK
|y PREZ
|7 0
|p 17A0472110
|o snkSD 74817
|i snk2005/9566
|8 0
|0 0
|1 0
|4 0
|d 2005-06-03
|l 0
|r 2025-11-21 00:00:00
|w 2026-02-24
|
| 952 |
|
|
|a SNK
|b SNK
|y VYP
|7 0
|p 17A0472109
|o snkSD 74817 D1
|i snk2005/9567
|8 0
|0 0
|1 0
|4 0
|d 2005-06-03
|l 0
|r 2017-06-30 00:00:00
|w 2026-02-24
|